00377nam a2200157Ia 45000010006000000050017000060080041000230410008000640820013000721000033000852450048001182600009001663000028001756500008002036540008002111560420260306170208.0260306t2012||||xx |||||||||||||| ||und|| aESP a551bR93 aRuiz Vásquez, MarianoeAUT 0aGeología aplicada a la ingeniería civil c2012 a255 páginas :c23 cm. aGEN aCIC